Testing of rubber and elastomers. Determination of the lead content: Determination by atomic absorption spectroscopy for lead contents up to 1000 mg:kg (0.1%). (Record no. 73368)

MARC details
000 -LEADER
fixed length control field 00478nam a2200133Ia 4500
245 #0 - TITLE STATEMENT
Title Testing of rubber and elastomers. Determination of the lead content: Determination by atomic absorption spectroscopy for lead contents up to 1000 mg:kg (0.1%).
260 ## - PUBLICATION, DISTRIBUTION, ETC. (IMPRINT)
Year of publication 1978
500 ## - GENERAL NOTE
General note Standard number: DIN 53 599 Part 1
650 ## - SUBJECT ADDED ENTRY--TOPICAL TERM
Topical Term Atomic absorption spectroscopy
650 ## - SUBJECT ADDED ENTRY--TOPICAL TERM
Topical Term Elastomers
650 ## - SUBJECT ADDED ENTRY--TOPICAL TERM
Topical Term Lead content
942 ## - ADDED ENTRY ELEMENTS (KOHA)
Koha item type Standards
Holdings
Withdrawn status Lost status Damaged status Not for loan Collection code Home library Current library Date acquired Koha item type
      Standards DIN standards/German Standards RRII Library RRII Library 31/12/2021 Standards